Health Assessment Made Incredibly Visual!. (Record no. 16458)
[ view plain ]
| 000 -LEADER | |
|---|---|
| fixed length control field | 01721cam a22003494a 4500 |
| 001 - CONTROL NUMBER | |
| control field | 15994621 |
| 005 - DATE AND TIME OF LATEST TRANSACTION | |
| control field | 20100923090313.0 |
| 008 - FIXED-LENGTH DATA ELEMENTS--GENERAL INFORMATION | |
| fixed length control field | 091120s2011 paua bf 001 0 eng |
| 020 ## - INTERNATIONAL STANDARD BOOK NUMBER | |
| International Standard Book Number | 9781605479736 (alk. paper) |
| 020 ## - INTERNATIONAL STANDARD BOOK NUMBER | |
| International Standard Book Number | 160547973X (alk. paper) |
| 035 ## - SYSTEM CONTROL NUMBER | |
| System control number | (OCoLC)ocn470694785 |
| 040 ## - CATALOGING SOURCE | |
| Original cataloging agency | DNLM/DLC |
| Transcribing agency | DLC |
| Modifying agency | YDX |
| -- | NLM |
| -- | YDXCP |
| -- | BWX |
| -- | DLC |
| 082 00 - DEWEY DECIMAL CLASSIFICATION NUMBER | |
| Classification number | 616.0754 |
| Edition number | 22 |
| Item number | HEA |
| 245 00 - TITLE STATEMENT | |
| Title | Health Assessment Made Incredibly Visual!. |
| 250 ## - EDITION STATEMENT | |
| Edition statement | 2nd ed. |
| 260 ## - PUBLICATION, DISTRIBUTION, ETC. (IMPRINT) | |
| Place of publication, distribution, etc | Philadelphia : |
| Name of publisher, distributor, etc | Wollters Kluwer/Lippincott Williams & Wilkins, |
| Date of publication, distribution, etc | c2011. |
| 300 ## - PHYSICAL DESCRIPTION | |
| Extent | vi, 246 p. : |
| Other physical details | col. ill. ; |
| Dimensions | 23 cm. |
| 490 1# - Series Statement | |
| Series statement | Incredibly visual |
| -- | 28880 |
| 504 ## - BIBLIOGRAPHY, ETC. NOTE | |
| Bibliography, etc | Includes bibliographical references and index. |
| 505 0# - FORMATTED CONTENTS NOTE | |
| Formatted contents note | Fundamentals -- Skin, hair, and nails -- Eyes and ears -- Nose, mouth, throat, and neck -- Respiratory system -- Cardiovascular system -- Breasts and axillae -- Gastrointestinal system -- Musculoskeletal system -- Neurologic system -- Genitourinary system -- Pregnancy. |
| 650 #0 - SUBJECT ADDED ENTRY--TOPICAL TERM | |
| Topical term or geographic name as entry element | Physical diagnosis |
| Form subdivision | Atlases. |
| 9 (RLIN) | 28881 |
| 650 #0 - SUBJECT ADDED ENTRY--TOPICAL TERM | |
| Topical term or geographic name as entry element | Physical diagnosis |
| Form subdivision | Handbooks, manuals, etc. |
| 9 (RLIN) | 28882 |
| 650 12 - SUBJECT ADDED ENTRY--TOPICAL TERM | |
| Topical term or geographic name as entry element | Nursing Assessment |
| General subdivision | methods |
| Form subdivision | Atlases. |
| 9 (RLIN) | 28883 |
| 650 12 - SUBJECT ADDED ENTRY--TOPICAL TERM | |
| Topical term or geographic name as entry element | Nursing Assessment |
| General subdivision | methods |
| Form subdivision | Handbooks. |
| 9 (RLIN) | 28884 |
| 650 12 - SUBJECT ADDED ENTRY--TOPICAL TERM | |
| Topical term or geographic name as entry element | Physical Examination |
| General subdivision | methods |
| Form subdivision | Atlases. |
| 9 (RLIN) | 28885 |
| 650 12 - SUBJECT ADDED ENTRY--TOPICAL TERM | |
| Topical term or geographic name as entry element | Physical Examination |
| General subdivision | methods |
| Form subdivision | Handbooks. |
| 9 (RLIN) | 28886 |
| 653 ## - INDEX TERM--UNCONTROLLED | |
| Resource For college | |
| Arrived date list | February2012 |
| 830 #0 - SERIES ADDED ENTRY--UNIFORM TITLE | |
| Uniform title | Incredibly visual. |
| 9 (RLIN) | 28887 |
| 942 ## - ADDED ENTRY ELEMENTS (KOHA) | |
| Source of classification or shelving scheme | Dewey Decimal Classification |
| Item type | Book - Borrowing |
| Withdrawn status | Item status | Source of classification or shelving scheme | Damaged status | Not for loan | Vendor | Home library | Current library | Shelving location | Date acquired | Source of acquisition | Cost, normal purchase price | Serial Enumeration / chronology | Total Checkouts | Total Renewals | Full call number | Barcode | Checked out | Date last seen | Date last borrowed | Koha item type |
|---|---|---|---|---|---|---|---|---|---|---|---|---|---|---|---|---|---|---|---|---|
| Dewey Decimal Classification | Alahram | Central Library | Central Library | First floor | 13/02/2012 | 213.00 | 680 | 10 | 31 | 616.0754 HEA | 000026109 | 16/05/2026 | 24/08/2025 | 24/08/2025 | Book - Borrowing |